000 00876cam a22002651 4500
001 5856
003 BD-RjUL
005 20211208234136.0
008 140107s1967 nyu b 001 0 eng
035 _a(BD-RjUL)5895
035 _a(OCoLC)1598247
040 _aDLC
_cGU
_dOCoLC
_dDLC
_dBD-RjUL
_beng
041 _aeng
082 _a616.89
_bMET 1967
100 1 _aMendel, Werner M.
_q(Werner Max),
_d1927-
_918389
245 1 4 _aThe therapeutic management of psychological illness :
_bthe theory and practice of supportive care /
_cWerner M. Mendel [and] Gerald Allen Green.
260 _aNew York :
_bBasic Books ,
_cc1967
300 _axii, 255 p. ;
_c24 cm.
504 _aBibliography: p. 242-249 and index.
650 0 _aPsychotherapy.
_918390
700 1 _aGreen, Gerald Allen,
_ejoint author.
_918391
942 _2ddc
_cBK
999 _c5856
_d5856